Largest US Cities Beginning With D - Statistics

General Stats
  • This quiz has been taken 66 times
  • The average score is 11 of 20
Answer Stats
Rank State City % Correct
3 CO Denver
100%
1 TX Dallas
98%
2 MI Detroit
93%
12 DE Dover
86%
17 NH Dover
86%
4 OH Dayton
85%
5 IA Des Moines
83%
7 FL Daytona Beach
71%
8 NC Durham
69%
13 MN Duluth
63%
6 TX Denton
56%
9 IA Davenport
53%
14 IL Decatur
41%
11 CT Danbury
36%
18 IA Dubuque
27%
16 AL Dothan
22%
20 IL DeKalb
15%
10 FL Deltona
15%
15 CA Davis
14%
19 GA Dalton
8%
No matching quizzes found
Score Distribution
Percent of People with Each Score
Percentile by Number Answered
Your Score History
You have not taken this quiz